КПСС: преодолевать наследие вождизма

Xehetasun bibliografikoak
Egile nagusia: Булгаков В. И. Вячеслав Ильич
Gaia:Исключено из фонда НТБ ТПУ
Hizkuntza:errusiera
Argitaratua: Ленинград, Лениздат, 1990
Formatua: MixedMaterials Liburua
KOHA link:https://koha.lib.tpu.ru/cgi-bin/koha/opac-detail.pl?biblionumber=231887

MARC

LEADER 00000nam0a2200000 4500
001 231887
005 20231031202939.0
010 |a 5289008500 
020 |a RU  |b 90-33296 
035 |a (RuTPU)RU\TPU\book\252916 
090 |a 231887 
100 |a 20130206d1990 m a0rusy5003 ca 
101 0 |a rus 
102 |a RU 
105 |a y z 001zy 
200 1 |a КПСС: преодолевать наследие вождизма  |f В. И. Булгаков 
210 |a Ленинград  |c Лениздат  |d 1990 
215 |a 94 с.  |d 17 см 
333 |a Исключено из фонда НТБ ТПУ 
700 1 |a Булгаков  |b В. И.  |g Вячеслав Ильич  |4 070 
801 0 |a RU  |b RuMRKP  |c 19950417  |g psbo 
801 1 |a RU  |b 63413507  |c 20130206 
801 2 |a RU  |b 63413507  |c 20170220  |g RCR 
942 |c BK